Los fichajes más caros del fútbol - Porteros - Temporada 2019-2020 - Estadísticas

Estadísticas generales
  • Esta prueba ha sido intentada 33 veces
  • La puntuación promedio es 4 de 10
Estadísticas de respuestas
Coste (M €) Nacionalidad Último club Nuevo club Jugador % Correcto
15,00 Costa Rica Real Madrid PSG Keylor Navas
92%
35,00 Países Bajos FC Barcelona Valencia CF Jasper Cillessen
88%
26,00 Brasil Valencia CF FC Barcelona Neto
88%
26,00 Italia Udinese Nápoles Alex Meret
54%
23,50 España Real Betis AS Roma Pau López
42%
10,60 Rumania Génova Inter Andrei Radu
15%
8,00 Rumania Inter Génova Andrei Radu
15%
13,50 Francia Montpellier Mónaco Benjamin Lecomte
8%
8,80 Inglaterra Burnley Aston Villa Tom Heaton
4%
20,00 Italia Juventus Sampdoria Emil Audero
0%
No se encontraron pruebas coincidentes
Distribución de puntuación
Porcentaje de gente con cada puntuación
Porcentaje por número respondido
Historial de tus puntuaciones
No has intentado esta prueba.